[Event "91 Bristol Open Congress"]
[Site "Bristol, United Kingdom"]
[Date "2025.03.30"]
[Round "4.15"]
[White "Quaite, Toby"]
[Black "Sommerbauer-Cornell, Ben"]
[Result "1/2-1/2"]
[WhiteElo "2120"]
[BlackElo "1954"]
[PlyCount "85"]
[GameId "2169028707295834"]
[EventDate "2025.03.28"]
[SourceVersionDate "2025.04.02"]

1. Nf3 Nf6 2. g3 g6 3. b4 Bg7 4. Bb2 O-O 5. Bg2 d5 6. O-O Nbd7 7. d3 Re8 8. Nbd2 e5 9. e4 c6 10. c4 d4 11. c5 b6 12. Qc2 Ba6 13. Nb3 Bf8 14. a4 Rb8 15. Ba3 bxc5 16. bxc5 Qc7 17. Nfd2 Bh6 18. Nc4 Red8 19. Rfb1 Bxc4 20. Qxc4 Rb7 21. a5 Rdb8 22. Rb2 Ne8 23. Rab1 Qd8 24. Qa4 Rb5 25. Bh3 Nc7 26. a6 Qe8 27. Bxd7 Qxd7 28. Na5 Bf8 29. Nc4 Qe6 30. Bb4 Qc8 31. Nxe5 Nxa6 32. Ba3 Nxc5 33. Qxd4 Ne6 34. Qc3 Rxb2 35. Rxb2 Bxa3 36. Qxa3 Rxb2 37. Qxb2 c5 38. Nf3 Qd8 39. Qb3 Nd4 40. Nxd4 Qxd4 41. Qa3 c4 42. dxc4 Qxc4 43. Qxa7 1/2-1/2

[Event "91 Bristol Open Congress"]
[Site "Bristol, United Kingdom"]
[Date "2025.03.30"]
[Round "4.16"]
[White "Wastney, Dylan"]
[Black "Shivakumar, Akshath"]
[Result "1-0"]
[WhiteElo "2117"]
[BlackElo "1912"]
[PlyCount "125"]
[GameId "2169030230352480"]
[EventDate "2025.03.28"]
[SourceVersionDate "2025.04.02"]

1. e4 e6 2. d4 d5 3. e5 c5 4. c3 Nc6 5. Nf3 Bd7 6. Be2 Nge7 7. Na3 cxd4 8. cxd4 Nf5 9. Nc2 Qb6 10. O-O Be7 11. b3 Nb4 12. Nxb4 Bxb4 13. Be3 Nxe3 14. fxe3 Be7 15. Bd3 Bb5 16. Rc1 Bxd3 17. Qxd3 O-O 18. Rc3 Rfc8 19. Rfc1 Qd8 20. Qc2 Rxc3 21. Qxc3 Rb8 22. Qc7 Qxc7 23. Rxc7 Bd8 24. Rc2 h6 25. Ne1 Bb6 26. Nd3 Kf8 27. Kf2 Ke7 28. Ke2 Kd7 29. Nf4 g6 30. Kd3 Rc8 31. Rxc8 Kxc8 32. e4 dxe4+ 33. Kxe4 Kd7 34. d5 exd5+ 35. Kxd5 Bc7 36. h3 Ke7 37. g4 Bd8 38. h4 Ba5 39. h5 g5 40. Ne2 Bb6 41. Ng3 Kf8 42. Nf5 Bc7 43. Nxh6 Kg7 44. Nf5+ Kf8 45. Nd6 b6 46. Nb5 Bb8 47. Ke4 a6 48. Nd6 Bc7 49. Kf5 Bd8 50. Ne4 Be7 51. Nxg5 Bb4 52. h6 Kg8 53. Kf6 Bf8 54. h7+ Kh8 55. Kxf7 Bh6 56. Kg6 Bxg5 57. Kxg5 Kxh7 58. Kf6 Kg8 59. e6 Kh7 60. e7 Kh6 61. e8=Q Kh7 62. Qg6+ Kh8 63. Qg7# 1-0

[Event "91 Bristol Open Congress"]
[Site "Bristol, United Kingdom"]
[Date "2025.03.30"]
[Round "4.17"]
[White "Anjulan, Ashwin"]
[Black "Billings, Alex"]
[Result "1/2-1/2"]
[WhiteElo "1784"]
[BlackElo "2023"]
[PlyCount "73"]
[GameId "2169032628564582"]
[EventDate "2025.03.28"]
[SourceVersionDate "2025.04.02"]

{[%evp 0,73,22,29,21,7,6,-7,9,-9,-1,-16,70,-6,6,-1,-1,0,1,-5,-8,-1,8,-2,66,82,73,-66,4,28,16,16,-6,41,73,23,33,165,1,-1,-1,-5,-15,-90,-106,-106,-106,-106,-27,-163,-121,-139,-71,-117,-186,-86,-113,-87,-87,-153,-54,-176,-235,-441,-270,-155,-186,-180,-250,-134,-113,-77,-74,-70,-74,-68]} 1. e4 c5 2. c4 Nc6 3. Nc3 d6 4. d3 g6 5. g3 Bg7 6. Bg2 e6 7. Nge2 Nge7 8. Be3 O-O 9. O-O Nd4 10. Qd2 Bd7 11. Bh6 Bc6 12. Bxg7 Kxg7 13. Nxd4 cxd4 14. Ne2 e5 15. b4 Bd7 16. f4 f5 17. Rac1 fxe4 18. dxe4 Rc8 19. c5 Bb5 20. Rfd1 dxc5 21. bxc5 Ba4 22. Re1 d3 23. Nc3 Bc2 24. Nd5 Rxc5 25. fxe5 Nc6 26. Rf1 Nxe5 27. Rxf8 Qxf8 28. Rf1 Qd8 29. Qf4 Qd6 30. Bh3 d2 31. Nf6 d1=Q 32. Ne8+ Kh8 33. Nxd6 Qxd6 34. Be6 Qe7 35. Qh6 Rc8 36. Bxc8 Qc5+ 37. Rf2 1/2-1/2

[Event "91 Bristol Open Congress"]
[Site "Bristol, United Kingdom"]
[Date "2025.03.30"]
[Round "4.18"]
[White "Davis, Colin"]
[Black "Lesniowski, Paul"]
[Result "0-1"]
[WhiteElo "2101"]
[BlackElo "1970"]
[PlyCount "86"]
[GameId "2169034919285593"]
[EventDate "2025.03.28"]
[SourceVersionDate "2025.04.02"]

1. d3 d5 2. g3 e5 3. Nf3 Nc6 4. a3 Bg4 5. Bg2 Qd7 6. h3 Bh5 7. O-O O-O-O 8. b4 Bxf3 9. exf3 f5 10. f4 e4 11. Bb2 Nf6 12. b5 Ne7 13. a4 h5 14. Bd4 Kb8 15. Qd2 h4 16. Qe3 Nc8 17. Nc3 hxg3 18. fxg3 Be7 19. a5 Ka8 20. Rfb1 Ne8 21. Na4 Bf6 22. b6 Bxd4 23. Qxd4 Qc6 24. dxe4 fxe4 25. Nc5 Ncd6 26. g4 Nb5 27. Qb4 a6 28. c4 Nd4 29. bxc7 Nxc7 30. cxd5 Rxd5 31. Bxe4 Ncb5 32. Nxb7 Qxb7 33. Qc4 Rhd8 34. Ra2 Qc6 35. Qd3 Qc5 36. Kg2 Ne6 37. Kg3 Ka7 38. Bxd5 Rxd5 39. Qg6 Qe3+ 40. Kh4 Rd3 41. Qf7+ Nbc7 42. Rh1 Qg3+ 43. Kh5 Nxf4+ 0-1

[Event "91 Bristol Open Congress"]
[Site "Bristol, United Kingdom"]
[Date "2025.03.30"]
[Round "4.19"]
[White "Pick, Freddie"]
[Black "Perrin, Brent"]
[Result "1-0"]
[WhiteElo "2055"]
[BlackElo "1918"]
[PlyCount "81"]
[GameId "2169060173606105"]
[EventDate "2025.03.28"]
[SourceVersionDate "2025.04.02"]

{[%evp 0,30,12,27,43,37,34,36,44,69,27,28,36,34,34,38,51,32,384,451,415,420,410,367,263,329,346,352,352,333,358,322,343]} 1. e4 d5 2. exd5 Qxd5 3. Nc3 Qd8 4. Bc4 Nf6 5. Nf3 a6 6. Ne5 e6 7. d4 Bd6 8. Qe2 Nbd7 9. Nxf7 Qe7 10. Nxh8 Nb6 11. Bb3 Bd7 12. Bg5 O-O-O 13. O-O-O Rxh8 14. Rhe1 Re8 15. Kb1 Bb4 16. Rd3 a5 17. Re3 Bxc3 18. Rxc3 a4 19. Bc4 Qb4 20. a3 Qa5 21. Bxf6 gxf6 22. Re3 Nd5 23. Bxd5 Qxd5 24. Qf3 Qxd4 25. Qe4 Qd2 26. Qh4 Rf8 27. Qb4 Qxb4 28. axb4 e5 29. Rg3 Bf5 30. Rd1 b5 31. Rg7 Kb7 32. f3 Bg6 33. Rdd7 Rc8 34. h4 e4 35. fxe4 Bxe4 36. Rde7 Bd5 37. Rxh7 Bxg2 38. Rhf7 Rh8 39. Rxc7+ Kb6 40. Rh7 Rf8 41. Rcf7 1-0

[Event "91 Bristol Open Congress"]
[Site "Bristol, United Kingdom"]
[Date "2025.03.30"]
[Round "4.20"]
[White "Gillings, Matt"]
[Black "Ashworth, Robert"]
[Result "0-1"]
[WhiteElo "2024"]
[BlackElo "1945"]
[PlyCount "82"]
[GameId "2169062135283327"]
[EventDate "2025.03.28"]
[SourceVersionDate "2025.04.02"]

1. e4 e5 2. Nf3 Nc6 3. Bb5 a6 4. Ba4 Nf6 5. O-O b5 6. Bb3 Be7 7. Re1 O-O 8. h3 d6 9. c3 Na5 10. Bc2 c5 11. d4 Nd7 12. Nbd2 exd4 13. cxd4 Nc6 14. d5 Nce5 15. Nxe5 Nxe5 16. f4 Ng6 17. Nf3 Bh4 18. Nxh4 Qxh4 19. Rf1 Bxh3 20. Qe2 Bg4 21. Qe1 Qf6 22. Rb1 Rfe8 23. Qg3 h5 24. b3 Qd4+ 25. Kh2 Rxe4 26. Bb2 Qxd5 27. Bxe4 Qxe4 28. f5 Bxf5 29. Qxd6 Qh4+ 30. Kg1 Bxb1 31. Qd5 Rf8 32. Rxb1 c4 33. Rc1 cxb3 34. axb3 Qg4 35. Re1 Nf4 36. Qd2 Rc8 37. Be5 Ng6 38. Ba1 Nh4 39. Rf1 Re8 40. Qd5 Qg6 41. Qd4 Qxg2# 0-1

[Event "91 Bristol Open Congress"]
[Site "Bristol, United Kingdom"]
[Date "2025.03.30"]
[Round "4.21"]
[White "Kendall, Arthur"]
[Black "Gibbs, Dominic"]
[Result "1-0"]
[WhiteElo "1862"]
[BlackElo "1998"]
[PlyCount "151"]
[GameId "2169121428568855"]
[EventDate "2025.03.28"]
[SourceVersionDate "2025.04.02"]

1. c4 e5 2. Nc3 Nc6 3. Nf3 g6 4. d4 exd4 5. Nxd4 Bg7 6. Nc2 Nf6 7. g3 O-O 8. Bg2 d6 9. O-O Be6 10. b3 Qd7 11. Bb2 Bh3 12. Ne3 Bxg2 13. Kxg2 Ne7 14. Qd2 c6 15. Rad1 Rad8 16. Ba3 Nc8 17. Qd3 Rfe8 18. Nc2 Qe6 19. Rfe1 Ne4 20. Nxe4 Qxe4+ 21. Qxe4 Rxe4 22. f3 Ree8 23. e4 g5 24. Ne3 Be5 25. Nf5 Re6 26. Bc1 Rg6 27. Rd3 Kf8 28. c5 h6 29. cxd6 Nxd6 30. Red1 b6 31. Nxh6 Ke8 32. Nf5 Nb7 33. Be3 Rxd3 34. Rxd3 Nd8 35. Kf2 Ne6 36. Rd1 Rg8 37. Nd4 Nxd4 38. Bxd4 Bxd4+ 39. Rxd4 Rh8 40. Kg2 Ke7 41. Rd2 Ra8 42. f4 gxf4 43. gxf4 a5 44. a3 b5 45. Kf3 c5 46. e5 c4 47. bxc4 bxc4 48. Rc2 Rb8 49. Rxc4 Rb3+ 50. Ke4 Rxa3 51. Rc7+ Kf8 52. Kf5 Rh3 53. Rc2 a4 54. Ra2 a3 55. Kg4 Rb3 56. h4 Kg7 57. h5 Kh6 58. Kf5 Rf3 59. Ra1 Kg7 60. Rg1+ Kh6 61. Ra1 Kg7 62. Kg4 Rb3 63. f5 Kh6 64. f6 Re3 65. Kf4 Rh3 66. Ke4 Kxh5 67. e6 Kg6 68. e7 Rh8 69. Ke5 Ra8 70. Rg1+ Kh6 71. Kd6 a2 72. Kd7 a1=Q 73. Rxa1 Rxa1 74. e8=Q Ra7+ 75. Kd6 Kg6 76. Qe4+ 1-0

[Event "91 Bristol Open Congress"]
[Site "Bristol, United Kingdom"]
[Date "2025.03.30"]
[Round "4.22"]
[White "Moore, Gerald"]
[Black "Moyse, Nigel"]
[Result "0-1"]
[WhiteElo "2063"]
[BlackElo "1955"]
[PlyCount "50"]
[GameId "2169124503718688"]
[EventDate "2025.03.28"]
[SourceVersionDate "2025.04.02"]

1. Nf3 d5 2. c4 c6 3. d4 Nf6 4. Nc3 dxc4 5. e4 b5 6. Be2 e6 7. O-O Bb7 8. Rb1 Nbd7 9. b3 Qa5 10. Qc2 cxb3 11. Rxb3 Be7 12. Bd2 b4 13. e5 Nd5 14. Ne4 c5 15. a3 Rc8 16. axb4 cxb4 17. Qb1 Ba6 18. Bxa6 Qxa6 19. Bg5 f6 20. exf6 N7xf6 21. Nxf6+ gxf6 22. Bh6 Nc3 23. Qe1 Rg8 24. g3 Qc6 25. Qe3 a5 0-1

[Event "91 Bristol Open Congress"]
[Site "Bristol, United Kingdom"]
[Date "2025.03.30"]
[Round "4.23"]
[White "Fathallah, Joe"]
[Black "Baer, Bruce"]
[Result "1-0"]
[WhiteElo "2004"]
[BlackElo "2037"]
[PlyCount "95"]
[GameId "2170481134761125"]
[EventDate "2025.03.28"]
[SourceVersionDate "2025.04.02"]

1. d4 g6 2. e4 Bg7 3. c4 d6 4. Nc3 e5 5. Nge2 Nd7 6. Be3 Ne7 7. Qd2 h5 8. h4 Nc6 9. d5 Ne7 10. O-O-O a6 11. f3 b5 12. Ng1 b4 13. Na4 Rb8 14. c5 f5 15. Bd3 Nf6 16. c6 O-O 17. Nh3 fxe4 18. fxe4 Ng4 19. Bg5 Qe8 20. Kb1 Kh8 21. Rdf1 Rxf1+ 22. Rxf1 Ng8 23. Qe2 a5 24. Bc1 N8h6 25. Ng5 Qe7 26. g3 Nf6 27. Qf2 Ra8 28. b3 Bg4 29. Be2 Bc8 30. Nb2 Kg8 31. Bc4 Nhg4 32. Qe2 Bh6 33. Bd3 Bg7 34. Qc2 Nh6 35. Nc4 Bg4 36. Ne3 Rf8 37. Nxg4 Nfxg4 38. Qe2 Rxf1 39. Qxf1 Nh2 40. Qe2 N6g4 41. Ne6 Qf7 42. Bg5 Kh7 43. Bd8 Bh6 44. Bxc7 Nf3 45. Bd8 Nf2 46. c7 Nd2+ 47. Kc2 Nxd3 48. c8=Q 1-0

[Event "91 Bristol Open Congress"]
[Site "Bristol, United Kingdom"]
[Date "2025.03.30"]
[Round "4.24"]
[White "Guilfoyle, John"]
[Black "Smith, Ryan"]
[Result "1/2-1/2"]
[WhiteElo "1922"]
[BlackElo "1916"]
[PlyCount "76"]
[GameId "2170491519542442"]
[EventDate "2025.03.28"]
[SourceVersionDate "2025.04.02"]

{[%evp 0,28,11,35,33,39,23,40,44,45,46,37,45,46,35,28,-13,-10,-18,-31,-77,-64,-53,-218,-138,-158,-123,-138,-203,-140,-132]} 1. d4 f5 2. g3 Nf6 3. Bg2 e6 4. c4 d5 5. Nh3 Bd6 6. O-O O-O 7. Nd2 Nc6 8. Nf3 dxc4 9. Qc2 b5 10. Bg5 Rb8 11. Rad1 Nb4 12. Qb1 Bb7 13. a3 Be4 14. Qc1 Nbd5 15. Nf4 Qe8 16. Bxf6 Rxf6 17. Ne5 Bxg2 18. Nxg2 Bxe5 19. dxe5 Rf7 20. Ne3 Qc6 21. Nxd5 exd5 22. Qe3 a5 23. Rd2 Re8 24. f4 Rd7 25. Rfd1 b4 26. axb4 axb4 27. Rd4 Qb6 28. Kf2 c6 29. Rxc4 Qxe3+ 30. Kxe3 dxc4 31. Rxd7 Ra8 32. Rd4 Ra2 33. Rxc4 Rxb2 34. Rxc6 b3 35. Rb6 Rb1 36. Kf2 b2 37. e6 Kf8 38. Rb7 g6 1/2-1/2

[Event "91 Bristol Open Congress"]
[Site "Bristol, United Kingdom"]
[Date "2025.03.30"]
[Round "4.25"]
[White "Mize, Dylan"]
[Black "Hu, Junyan"]
[Result "0-1"]
[WhiteElo "1906"]
[BlackElo "1934"]
[PlyCount "176"]
[GameId "2170493167441268"]
[EventDate "2025.03.28"]
[SourceVersionDate "2025.04.02"]

1. d4 Nf6 2. Bg5 d5 3. Nd2 c5 4. e3 Nc6 5. c3 cxd4 6. exd4 Bf5 7. Ngf3 e6 8. Be2 h6 9. Bh4 Be7 10. O-O O-O 11. Re1 Rc8 12. a4 Nd7 13. Bxe7 Qxe7 14. Nb3 Qd6 15. h3 Rc7 16. Bd3 Bxd3 17. Qxd3 Nb6 18. Re2 Nc4 19. Rae1 Nd8 20. Qd1 b6 21. Nc1 Nb7 22. Nd3 Rfc8 23. Nfe5 Qd8 24. g3 Nbd6 25. h4 Nxe5 26. Nxe5 Ne4 27. Kg2 f6 28. Nd3 Qd6 29. Nf4 g5 30. hxg5 hxg5 31. Nh5 g4 32. Rxe4 dxe4 33. Qxg4+ Kf8 34. Nxf6 Rg7 35. Qxe4 Qc6 36. d5 exd5 37. Nxd5 Rd8 38. c4 Qd7 39. Re3 Rf7 40. Qh4 Kg7 41. Qg5+ Kh8 42. Nf6 Qc6+ 43. Nd5 Qd7 44. Re4 Rh7 45. Qf6+ Rg7 46. Rh4+ Kg8 47. Qh6 Qd6 48. Qh8+ Kf7 49. Qh5+ Kg8 50. Qh8+ Kf7 51. Qh5+ Kg8 52. Rd4 Rf8 53. Rg4 Qd7 54. Rh4 Qf5 55. Qe2 Qd7 56. Qe3 Qf7 57. Rf4 Qg6 58. Rxf8+ Kxf8 59. Nf4 Qc6+ 60. Kg1 Re7 61. Qc3 Kg8 62. Nd5 Rf7 63. Qe5 Qc5 64. Qe8+ Kg7 65. Qe5+ Kg8 66. Qg5+ Kf8 67. Qh6+ Ke8 68. Qe6+ Kf8 69. Qh6+ Ke8 70. Qe3+ Qxe3 71. Nxe3 Rd7 72. Nd5 Kf7 73. f4 Rd8 74. Kf2 Re8 75. b3 Kg6 76. g4 Rh8 77. Ne7+ Kf7 78. Nc6 a5 79. Ne5+ Ke6 80. Nf3 Rh1 81. Nd4+ Kf6 82. Kf3 Re1 83. Kf2 Re8 84. g5+ Kg6 85. Nf3 Kf5 86. Ne5 Kxf4 87. Nf3 Re3 88. g6 Rxf3+ 0-1

[Event "91 Bristol Open Congress"]
[Site "Bristol, United Kingdom"]
[Date "2025.03.30"]
[Round "5.1"]
[White "Arkell, Keith C"]
[Black "Stubbs, Oliver"]
[Result "1/2-1/2"]
[WhiteElo "2424"]
[BlackElo "2275"]
[PlyCount "63"]
[GameId "2170511252896107"]
[EventDate "2025.03.28"]
[SourceVersionDate "2025.04.02"]

{[%evp 0,63,17,26,22,19,30,8,41,44,33,92,1,-8,17,10,36,18,25,-7,29,30,18,19,26,27,27,21,19,28,19,-95,-10,25,23,11,15,13,-14,2,10,75,8,23,67,19,69,2,9,13,46,34,39,34,37,11,21,-30,-38,-50,-154,-7,-144,-21,-4,-21]} 1. Nf3 Nf6 2. c4 g6 3. Nc3 Bg7 4. d4 O-O 5. g3 d5 6. cxd5 Nxd5 7. Bg2 Nb6 8. O-O Nc6 9. e3 Re8 10. b3 e5 11. Nxe5 Nxe5 12. dxe5 Qxd1 13. Rxd1 Bxe5 14. Bb2 c6 15. Rd2 Bf5 16. h3 h5 17. Rad1 a5 18. Ne2 Bxb2 19. Rxb2 Red8 20. Rc1 Kf8 21. Nd4 Bd7 22. Kf1 Ke7 23. Ke2 Nc8 24. Rd2 Nd6 25. e4 Ne8 26. f4 Ng7 27. Rc5 a4 28. b4 Ne6 29. Nxe6 Bxe6 30. Rxd8 Rxd8 31. a3 b5 32. Ke3 1/2-1/2

[Event "91 Bristol Open Congress"]
[Site "Bristol, United Kingdom"]
[Date "2025.03.30"]
[Round "5.2"]
[White "Hanache, Kai"]
[Black "Beaumont, Chris"]
[Result "1-0"]
[WhiteElo "2266"]
[BlackElo "2134"]
[PlyCount "53"]
[GameId "2170505969565564"]
[EventDate "2025.03.28"]
[SourceVersionDate "2025.04.02"]

1. e4 d6 2. d4 Nf6 3. Nc3 g6 4. f3 a6 5. Be3 b5 6. Qd2 Nbd7 7. O-O-O Nb6 8. d5 b4 9. Nb1 a5 10. g4 h6 11. h4 Bd7 12. Bd4 c5 13. dxc6 Bxc6 14. Qe3 Nbd7 15. Bxf6 exf6 16. h5 Qb6 17. Qxb6 Nxb6 18. Ne2 Be7 19. Nd4 Bb7 20. Bb5+ Kf8 21. Nd2 Kg7 22. f4 d5 23. hxg6 fxg6 24. Rhe1 dxe4 25. Nxe4 h5 26. gxh5 Rxh5 27. Ng3 1-0

[Event "91 Bristol Open Congress"]
[Site "Bristol, United Kingdom"]
[Date "2025.03.30"]
[Round "5.3"]
[White "Hill, Alistair"]
[Black "Crawford, Owen"]
[Result "1/2-1/2"]
[WhiteElo "2225"]
[BlackElo "2110"]
[PlyCount "58"]
[GameId "2170509591856848"]
[EventDate "2025.03.28"]
[SourceVersionDate "2025.04.02"]

1. d4 Nf6 2. c4 g6 3. Nc3 Bg7 4. e4 d6 5. Nf3 O-O 6. Be2 Na6 7. Qc2 e5 8. d5 Nh5 9. O-O Nf4 10. Re1 f5 11. Bf1 Nc5 12. Bxf4 exf4 13. e5 dxe5 14. Nxe5 a5 15. Nd3 Nxd3 16. Qxd3 a4 17. Rac1 b6 18. Qf3 Bxc3 19. Qxc3 Ba6 20. Re6 Bc8 21. Ree1 Ba6 22. Qd4 f3 23. Re5 Qf6 24. Rce1 Rae8 25. gxf3 Rxe5 26. Rxe5 Qg5+ 27. Kh1 Qc1 28. Kg2 Qg5+ 29. Kh1 Qc1 1/2-1/2

[Event "91 Bristol Open Congress"]
[Site "Bristol, United Kingdom"]
[Date "2025.03.30"]
[Round "5.4"]
[White "Vaidyanathan, Adithya"]
[Black "Saunders, Aron"]
[Result "1-0"]
[Annotator "Tipper,Dave"]
[WhiteElo "2133"]
[BlackElo "2198"]
[PlyCount "229"]
[GameId "2170556204659309"]
[EventDate "2025.03.28"]
[SourceVersionDate "2025.04.02"]

{[%evp 0,191,17,34,8,11,15,20,16,18,23,14,-16,28,18,10,10,23,15,10,24,15,18,-9,0,-20,-41,-13,-11,-19,24,-31,55,31,39,66,55,68,96,72,71,72,53,46,75,86,86,43,104,69,-3,75,75,-521,49,43,70,54,-51,49,71,79,46,-299,-295,-329,158,200,167,73,-28,79,157,266,214,154,180,77,81,85,77,-59,20,95,-1,87,91,87,87,81,196,73,191,87,226,331,89,197,211,199,207,215,196,141,172,234,185,164,141,159,168,169,153,69,69,69,62,63,92,59,75,28,53,33,19,26,27,20,17,26,50,31,29,6,24,-1,15,27,19,22,54,53,26,40,50,74,43,44,28,8,84,139,93,86,79,66,13,58,13,70,34,10,164,206,473,495,505,515,515,515,515,505,515,515,525,505,515,515,515,515,525,525,525,515,525,525,525,525,535,535,535,535,535,0]} 1. d4 d5 2. Nf3 Nf6 3. c4 c6 4. Nc3 dxc4 5. a4 Bf5 6. e3 e6 7. Bxc4 Bb4 8. O-O O-O 9. Bd2 Bg6 10. Qe2 Nbd7 11. Rfd1 Qe7 12. Nb1 a5 13. Bxb4 Qxb4 14. Nc3 c5 15. e4 Nb6 16. Bb5 cxd4 17. Rxd4 Qe7 18. Rad1 e5 19. Rd6 Nc8 20. R6d2 Na7 21. Nd5 Qd6 22. Nxf6+ Qxf6 23. Rd5 Nc6 24. Rd6 Qf4 25. Bxc6 bxc6 26. Rc1 Bh5 27. Rdxc6 Rfb8 28. R6c3 h6 29. Qc2 Rd8 30. g3 Qf6 31. Nxe5 Qxe5 32. Rc5 Qd4 (32... Rd1+ $1 $19) 33. Rxh5 Rab8 34. Rxa5 Rxb2 35. Qc5 Qxc5 36. Raxc5 Ra2 37. a5 Rdd2 38. Rf1 Re2 39. e5 Kf8 40. Kg2 Ke7 41. Kf3 Ke6 42. a6 Rxe5 43. Rc6+ Ke7 44. Rb1 Rd5 45. Rc7+ Rd7 46. Rxd7+ Kxd7 47. Rb7+ Ke6 48. a7 Ra4 49. Rc7 g6 50. Ke3 f5 51. f4 Kd5 52. Rg7 Ra3+ 53. Kf2 Ke4 54. Re7+ Kd5 55. Rg7 Ke4 56. Rxg6 Ra2+ 57. Ke1 Rxa7 58. Rxh6 Ke3 59. Kd1 Ra2 60. Rh5 Ke4 61. Kc1 Rg2 62. Rh8 Kf3 63. Kd1 Kg4 64. Ke1 Ra2 65. Rh7 Rb2 66. Rg7+ Kh3 67. Rh7+ Kg4 68. Rh4+ Kf3 69. Rh5 Ke3 70. Kd1 Ke4 71. h4 Kf3 72. Rg5 Ra2 73. h5 Rh2 74. Ke1 Ra2 75. Rg6 Rh2 76. h6 Ke3 77. Kf1 Kf3 78. Kg1 Rh3 79. g4 Rg3+ 80. Kh2 Rg2+ (80... fxg4 $11) 81. Kh1 fxg4 82. h7 Kf2 83. Rxg4 Rxg4 84. h8=Q Rxf4 85. Qh2+ Ke3 86. Qg3+ Rf3 87. Qe1+ Kf4 88. Kg2 Re3 89. Qh4+ Ke5 90. Kf2 Re4 91. Qg5+ Kd4 92. Kf3 Re5 93. Qd2+ Kc5 94. Kf4 Rd5 95. Qc3+ Kd6 96. Ke4 Rc5 97. Qf6+ Kd7 98. Kd4 Rc6 99. Qf5+ Ke7 100. Kd5 Rd6+ 101. Ke5 Rd7 102. Qh7+ Ke8 103. Qh8+ Ke7 104. Qg8 Rc7 105. Qg7+ Kd8 106. Qf8+ Kd7 107. Kd5 Rb7 108. Qf7+ Kc8 109. Qe8+ Kc7 110. Kc5 Ra7 111. Qe7+ Kb8 112. Qd8+ Kb7 113. Kb5 Ra1 114. Qe7+ Ka8 115. Qf8+ 1-0

[Event "91 Bristol Open Congress"]
[Site "Bristol, United Kingdom"]
[Date "2025.03.30"]
[Round "5.5"]
[White "White, Stuart"]
[Black "Murawski, Jan"]
[Result "0-1"]
[WhiteElo "2124"]
[BlackElo "2252"]
[PlyCount "102"]
[GameId "2170519643092151"]
[EventDate "2025.03.28"]
[SourceVersionDate "2025.04.02"]

1. c4 e6 2. Nf3 Nf6 3. g3 d5 4. Bg2 dxc4 5. Qa4+ Nbd7 6. Qxc4 a6 7. Qc2 c5 8. O-O Rb8 9. d4 Bd6 10. Rd1 Qe7 11. e4 cxd4 12. Nxd4 O-O 13. h3 Bc5 14. Be3 Bxd4 15. Bxd4 e5 16. Be3 b5 17. Nc3 Bb7 18. Nd5 Nxd5 19. exd5 Qd6 20. f4 Rbc8 21. Qf2 Rc4 22. b3 Rc3 23. fxe5 Nxe5 24. Bd4 Rcc8 25. Rd2 f6 26. Rad1 Rfe8 27. Bb2 b4 28. g4 Re7 29. Rc2 Rxc2 30. Qxc2 Ng6 31. Bd4 Rc7 32. Qe2 Kf7 33. Be3 h6 34. Qf2 Rc8 35. Qf5 Re8 36. Qf2 Rc8 37. h4 Ne5 38. Qf5 Re8 39. g5 hxg5 40. hxg5 Bc8 41. Qf4 Rh8 42. Rf1 Bh3 43. gxf6 g6 44. Be4 Bxf1 45. Bxg6+ Kf8 46. Qf5 Nd7 47. Bf4 Qxf6 48. Bd6+ Kg8 49. Qxd7 Rh1+ 50. Kxh1 Qf3+ 51. Kh2 Qg2# 0-1

[Event "91 Bristol Open Congress"]
[Site "Bristol, United Kingdom"]
[Date "2025.03.30"]
[Round "5.6"]
[White "Ashworth, Michael"]
[Black "Damodaran, Patrick"]
[Result "1/2-1/2"]
[WhiteElo "2133"]
[BlackElo "2191"]
[PlyCount "87"]
[GameId "2170516843950741"]
[EventDate "2025.03.28"]
[SourceVersionDate "2025.04.02"]

{[%evp 0,52,20,7,28,20,36,19,17,12,20,11,26,30,30,23,29,27,28,19,30,14,17,29,58,50,71,79,82,8,118,44,-55,51,50,26,28,15,12,38,25,1,6,-16,-6,183,2,-7,38,-45,-46,-38,-33,-25,-3]} 1. d4 c6 2. c4 d5 3. Nf3 Nf6 4. Nc3 e6 5. Bg5 Be7 6. e3 O-O 7. Rc1 Nbd7 8. Qc2 h6 9. Bh4 Re8 10. Bd3 dxc4 11. Bxc4 Nb6 12. Bb3 Bd7 13. O-O Nfd5 14. Bg3 Rc8 15. Rfd1 Nxc3 16. Qxc3 c5 17. dxc5 Rxc5 18. Qd2 Rxc1 19. Qxc1 Qc8 20. Be5 Bc6 21. Nd4 Bd5 22. Bxd5 Nxd5 23. Nb5 Nb4 24. Nc3 Rd8 25. Qb1 Nc6 26. Bg3 Bf6 27. h3 a6 28. a3 b5 29. Rd3 Na5 30. Ne4 Rxd3 31. Nxf6+ gxf6 32. Qxd3 Qc1+ 33. Kh2 Nc4 34. Qd8+ Kg7 35. Bd6 Nxd6 36. Qxd6 Qxb2 37. Qxa6 f5 38. Qd6 Qxf2 39. Qe5+ Kg6 40. Qxb5 Qxe3 41. a4 f4 42. a5 Qg3+ 43. Kh1 Qe1+ 44. Kh2 1/2-1/2

[Event "91 Bristol Open Congress"]
[Site "Bristol, United Kingdom"]
[Date "2025.03.30"]
[Round "5.7"]
[White "Payne, Matthew"]
[Black "Bicknell, Carl"]
[Result "1/2-1/2"]
[WhiteElo "2176"]
[BlackElo "2150"]
[PlyCount "47"]
[GameId "2170518491468446"]
[EventDate "2025.03.28"]
[SourceVersionDate "2025.04.02"]

1. e4 b6 2. d4 Bb7 3. Bd3 e6 4. Qe2 g6 5. c3 Bg7 6. Nf3 h6 7. Nbd2 Ne7 8. Nf1 a6 9. h4 d6 10. Bf4 c5 11. Ne3 cxd4 12. cxd4 d5 13. e5 Nbc6 14. a3 b5 15. Ng4 Ng8 16. a4 b4 17. O-O Qb6 18. Rfd1 h5 19. Nf6+ Nxf6 20. exf6 Bxf6 21. Bxg6 Kf8 22. Be5 Qd8 23. Bxf6 Qxf6 24. Bc2 1/2-1/2

[Event "91 Bristol Open Congress"]
[Site "Bristol, United Kingdom"]
[Date "2025.03.30"]
[Round "5.8"]
[White "Thomas, James"]
[Black "Chan, Sheng Liang Bernard"]
[Result "0-1"]
[WhiteElo "1922"]
[BlackElo "2174"]
[PlyCount "136"]
[GameId "2170527614694753"]
[EventDate "2025.03.28"]
[SourceVersionDate "2025.04.02"]

1. Nf3 d5 2. g3 Nf6 3. Bg2 g6 4. c4 c6 5. b3 Bg7 6. Bb2 O-O 7. O-O a5 8. a3 Re8 9. d4 Bf5 10. Nc3 Ne4 11. Nxe4 Bxe4 12. Nd2 Bxg2 13. Kxg2 c5 14. cxd5 Qxd5+ 15. e4 Qd8 16. Nf3 Nc6 17. e5 cxd4 18. Re1 Qd5 19. Bxd4 Red8 20. Bb2 Qd3 21. Rc1 Qb5 22. Qc2 Rd3 23. Bc3 Qd5 24. Qe2 Rd8 25. b4 axb4 26. axb4 Bxe5 27. Bxe5 Nxe5 28. Qxe5 Qxf3+ 29. Kg1 Rd2 30. Qe3 Qf6 31. Rc7 R8d3 32. Rc8+ Kg7 33. Qe5 Rd1 34. Qxf6+ Kxf6 35. Rxd1 Rxd1+ 36. Kg2 Rd4 37. b5 Rd5 38. Rc4 Rxb5 39. Rf4+ Rf5 40. Rb4 b5 41. h4 h5 42. f4 Rc5 43. Kf3 Kf5 44. Rb3 f6 45. Kf2 Kg4 46. Ke3 e5 47. fxe5 Rxe5+ 48. Kd4 Rf5 49. Ke4 Rf1 50. Rxb5 Kxg3 51. Ke3 Kxh4 52. Ke2 Rf4 53. Rb3 Kg4 54. Rb1 h4 55. Rg1+ Kh5 56. Ke3 g5 57. Rh1 Ra4 58. Kf3 f5 59. Kg2 g4 60. Rc1 Ra2+ 61. Kg1 g3 62. Kh1 Kg4 63. Rc4+ f4 64. Rc1 f3 65. Rd1 Rh2+ 66. Kg1 f2+ 67. Kf1 Rh1+ 68. Kg2 Rg1+ 0-1